| 000 | 00512nam a22001457a 4500 | ||
|---|---|---|---|
| 082 | _a004 | ||
| 100 | _aAshraf Awan, Fahim | ||
| 245 |
_aDomain Independent Sentiment Classification Model For Roman Urdu Textual Data / _cFahim Ashraf Awan. |
||
| 260 |
_aIslamabad : _bCEME - NUST, _c2015. |
||
| 300 |
_a59 p. : ill. ; _c30cm. |
||
| 650 |
_aSoftware Engineering - MS Theses. _934605 |
||
| 700 |
_aSup: Dr. Muhammad Younus Javed. _934666 |
||
| 942 |
_2ddc _cTHE |
||
| 999 |
_c540574 _d540574 |
||